AKTUÁLNY PROBLÉM SALMONELÓZ

Bibliographic Details
Main Authors: Pleva, Ján, 1928-2025 (Author), Ďurečko, Rastislav, 1949- (Author), Cabadaj, Rudolf, 1940- (Author)
Format: Article
Language:Slovak
Subjects:

MARC

LEADER 00000nab a22000007a 4500
001 vtls010675286
003 SK-MaSNL
005 20260305000543.0
008 250708s2004 xo |||||||||||||||||slo|
035 |a (urnnbn)urn:nbn:sk:snk:ar-a06nr4 
035 |a (uuid)da14bbd8-679f-4ead-b0c5-0403c9a05c73 
035 |a urn:nbn:sk:snk-ab1b8f 
040 |a SNKBUCL  |b slo  |c SNKBUCL  |e AACR2 
041 0 |a slo 
044 |a xo  |c SK 
100 1 |a Pleva, Ján,  |d 1928-2025  |4 aut  |9 27271 
245 1 0 |a AKTUÁLNY PROBLÉM SALMONELÓZ  |c Ján Pleva 
650 0 7 |a salmonelóza  |2 SNKPH  |9 13942 
700 1 |a Ďurečko, Rastislav,  |d 1949-  |4 aut  |9 201305 
700 1 |a Cabadaj, Rudolf,  |d 1940-  |4 aut  |9 107699 
773 0 |t Status veterinarius : periodikum pre členov a spolupracovníkov veterinárneho stavu  |g Roč. 2, č. 1 (2004), s. 20-21 
850 |a Slovenská národná knižnica 
852 |a Slovenská národná knižnica 
954 |a odborná, vedecká literatúra pôvodná (slovenská)  |2 lita 
958 |a article 
958 |a OND 
958 |a EUIPO 
999 |c 3214383  |d 3216313